An ninh tài chính đối với hoạt động của các tổ chức tín dụng

Spremljeno u:
Bibliografski detalji
Glavni autor: VŨ ĐÌNH ÁNH
Format: Knjiga
Jezik:Undetermined
Izdano: Tài chính 2001
Oznake: Dodaj oznaku
Bez oznaka, Budi prvi tko označuje ovaj zapis!
Thư viện lưu trữ: Trung tâm Học liệu Trường Đại học Cần Thơ
LEADER 00462nam a2200145Ia 4500
001 CTU_48528
008 210402s9999 xx 000 0 und d
082 |a 332.38 
082 |b A107 
100 |a VŨ ĐÌNH ÁNH 
245 3 |a An ninh tài chính đối với hoạt động của các tổ chức tín dụng 
245 0 |c VŨ ĐÌNH ÁNH 
260 |b Tài chính 
260 |c 2001 
980 |a Trung tâm Học liệu Trường Đại học Cần Thơ